000 00319nam a2200121Ia 4500
008 190216s9999||||xx |||||||||||||| ||und||
100 _aMilton Harris & Wamser C C
245 0 _aFundamentals Of Organic Reaction Mechanisms
260 _bJohn Wiley & Sons
_c1976
300 _a384p
650 _aChemistry
942 _cBK
999 _c2293
_d2293